| 000 | 00437nam a22001697a 4500 | ||
|---|---|---|---|
| 005 | 20180203111935.0 | ||
| 008 | 160427b xxu||||| |||| 00| 0 eng d | ||
| 020 | _a0-07-4636-39-1 | ||
| 041 | _aeng | ||
| 082 |
_b00254 _a004.165 |
||
| 100 |
_aHall, Douglas V. _989 |
||
| 245 | _aMicroprocessors and Interfacing: Programing & Hardware | ||
| 250 | _a2nd ed. | ||
| 260 |
_aNew Delhi _bTata MC Graw Hill, _c2002 |
||
| 300 | _a624 | ||
| 942 | _cBK | ||
| 999 |
_c86 _d86 |
||